书目信息 |
| 题名: |
采果集
|
|
| 作者: | 泰戈尔, 著 ;吴岩 , 妮可丽塔 译 | |
| 分册: | ||
| 出版信息: | 北京 机械工业出版社 2003.07 |
|
| 页数: | 144页 | |
| 开本: | 20cm | |
| 丛书名: | ||
| 单 册: | ||
| 中图分类: | I351.25 , H319.4 | |
| 科图分类: | ||
| 主题词: | 英语--ying yu--汉语--对照读物 , 散文诗--san wen shi--印度--现代--选集 | |
| 电子资源: | ||
| ISBN: | 7-111-12284-4 | |
| 000 | 01331nam0 2200301 450 | |
| 001 | 012008650331 | |
| 005 | 20080322141446.93 | |
| 010 | @a7-111-12284-4@dCNY26.80 | |
| 100 | @a20080314d2003 km y0chiy0120 ea | |
| 101 | 1 | @achi@aeng@cinc |
| 102 | @aCN@b110000 | |
| 105 | @aa z 000cy | |
| 106 | @ar | |
| 200 | 1 | @a采果集@Acai guo ji@d= Fruit Gathering@f(印) 泰戈尔著@F(yin)tai ge er zhu@g吴岩译@Gwu yan yi@g妮可丽塔图@Gni ke li ta tu@zeng |
| 210 | @a北京@c机械工业出版社@d2003.07 | |
| 215 | @a144页@c图@d20cm | |
| 306 | @a由贝塔斯曼亚洲出版公司授权 | |
| 330 | @a戈尔(1861-1941),印度现代诗人、哲学家、艺术家、教育家,自幼便展露出不凡的文学才华,14岁时就在报纸上发表了爱国诗篇《献给印度教徒的庙会》。1901年创办了“国际大学”,实践了他的“人人皆可入学,在自然中分享生活”的教育理念。1913年以《颂歌集》获得诺贝尔文学奖,成为第一个获得诺贝尔文学奖的亚洲人。他的创作多以小说、诗歌、论文为主,包括《新月集》和《漂鸟集》等。 | |
| 510 | 1 | @aFruit Gathering@zeng |
| 606 | 0 | @a英语@Aying yu@x汉语@j对照读物 |
| 606 | 0 | @a散文诗@Asan wen shi@y印度@z现代@j选集 |
| 690 | @aI351.25@v4 | |
| 690 | @aH319.4@v4 | |
| 701 | 1 | @a泰戈尔,@Atai ge er,@bR.@g(Tagore, Rabindranath),@f1861-1941@4著 |
| 702 | 0 | @a吴岩@Awu yan@4译 |
| 702 | 0 | @a妮可丽塔@Ani ke li ta@b图 |
| 801 | 0 | @aCN@bQSSK@c20080322 |
| 905 | @b20283954-56@dH319.4@eT082@f3 | |
| 采果集= Fruit Gathering/(印) 泰戈尔著/吴岩译/妮可丽塔图.-北京:机械工业出版社,2003.07 |
| 144页:图;20cm |
| ISBN 7-111-12284-4:CNY26.80 |
| 戈尔(1861-1941),印度现代诗人、哲学家、艺术家、教育家,自幼便展露出不凡的文学才华,14岁时就在报纸上发表了爱国诗篇《献给印度教徒的庙会》。1901年创办了“国际大学”,实践了他的“人人皆可入学,在自然中分享生活”的教育理念。1913年以《颂歌集》获得诺贝尔文学奖,成为第一个获得诺贝尔文学奖的亚洲人。他的创作多以小说、诗歌、论文为主,包括《新月集》和《漂鸟集》等。 |
| ● |
| 相关链接 |
|
|
|
正题名:采果集
索取号:H319.4/T082
 
预约/预借
| 序号 | 登录号 | 条形码 | 馆藏地/架位号 | 状态 | 备注 |
| 1 | 283954 | 202839544 | 语言库209/209语言库 18排1列1层/ [索取号:H319.4/T082] | 在馆 | |
| 2 | 283955 | 202839553 | 语言库209/209语言库 18排1列1层/ [索取号:H319.4/T082] | 在馆 | |
| 3 | 283956 | 202839562 | 语言库209/209语言库 18排1列1层/ [索取号:H319.4/T082] | 在馆 |